[Event "European Team Championship"]
[Site "Reykjavik ISL"]
[Date "2015.11.17"]
[EventDate "2015.11.13"]
[Round "5.3"]
[Result "1-0"]
[White "Vladislav Tkachiev"]
[Black "Jose Carlos Ibarra Jerez"]
[WhiteElo "2658"]
[BlackElo "2545"]
[PlyCount "79"]

1. d4 Nf6 2. Nf3 g6 3. c4 d6 4. g3 Bg7 5. Bg2 O-O 6. Nc3 Nc6
7. O-O Bf5 8. Ne1 Na5 9. e4 Bg4 10. f3 Bd7 11. Qe2 c5 12. dxc5
Be6 13. Nd5 b5 14. cxd6 exd6 15. Nc2 Nxc4 16. Nf4 Bd7 17. b3
Ne5 18. Bb2 a5 19. Rfd1 Qb8 20. Ne3 b4 21. Qd2 Ra6 22. Kh1 Bb5
23. Nfd5 Nfd7 24. f4 Nd3 25. Bxg7 Kxg7 26. a4 bxa3 27. Nc3
N3c5 28. Nxb5 Qxb5 29. Bf1 Qb4 30. Bxa6 Qxe4+ 31. Kg1 Nxa6
32. Rxa3 Re8 33. Nd5 Nb4 34. Rxa5 Nxd5 35. Rxd5 Qf3 36. Rd3
Qh5 37. Re1 Qc5+ 38. Kf1 Rc8 39. Rxd6 Nf6 40. Qd4 1-0

[Event "European Team Championship"]
[Site "Reykjavik ISL"]
[Date "2015.11.17"]
[EventDate "2015.11.13"]
[Round "5.4"]
[Result "1-0"]
[White "Mikhael Mchedlishvili"]
[Black "Milos Perunovic"]
[WhiteElo "2618"]
[BlackElo "2624"]
[PlyCount "81"]

1. d4 Nf6 2. c4 e6 3. g3 c5 4. d5 exd5 5. cxd5 d6 6. Nc3 g6
7. Bg2 Bg7 8. Nf3 O-O 9. O-O Re8 10. Bf4 Na6 11. Nd2 Nh5
12. Be3 Nc7 13. Nc4 b5 14. Na5 Rxe3 15. fxe3 Bh6 16. Ne4 Bxe3+
17. Kh1 c4 18. a4 Bf5 19. Ra3 Bxe4 20. Rxe3 Bxg2+ 21. Kxg2 Qg5
22. Ref3 Nxd5 23. Qd4 Re8 24. e4 Nb4 25. axb5 d5 26. Nc6 Rxe4
27. Qxa7 f5 28. Nxb4 Qd2+ 29. R1f2 Qxb4 30. Qb7 Nf6 31. Ra3
Re7 32. Qb8+ Re8 33. Qc7 Re7 34. Qd8+ Kg7 35. b6 Qe1 36. h3
Qe4+ 37. Kh2 Qe1 38. Rg2 Re2 39. Qc7+ Re7 40. Qf4 Ne4 41. Ra7
1-0

[Event "European Team Championship"]
[Site "Reykjavik ISL"]
[Date "2015.11.17"]
[EventDate "2015.11.13"]
[Round "5.4"]
[Result "1/2-1/2"]
[White "Luka Paichadze"]
[Black "Nikola Sedlak"]
[WhiteElo "2573"]
[BlackElo "2557"]
[PlyCount "91"]

1. e4 e6 2. d3 c5 3. Nf3 b6 4. g3 Bb7 5. Bg2 d6 6. O-O Be7
7. Re1 Nf6 8. Nbd2 O-O 9. c3 Nc6 10. Nf1 Rc8 11. h4 Ne5
12. Ne3 Qc7 13. Nh2 c4 14. Nxc4 Nxc4 15. dxc4 Qxc4 16. Bg5 Qc7
17. Ng4 Nxg4 18. Qxg4 Kh8 19. Rad1 h6 20. Bxe7 Qxe7 21. Rd3
Rcd8 22. c4 Qc7 23. b3 Qc6 24. Qd1 Rd7 25. Qd2 Rfd8 26. Bf3
Qc5 27. Rd1 Kg8 28. Bg2 Qc6 29. f4 b5 30. e5 Qb6+ 31. Qf2 Bxg2
32. Qxb6 axb6 33. Kxg2 bxc4 34. bxc4 Ra8 35. R1d2 Rc7 36. Rxd6
Rxc4 37. Rxb6 Rca4 38. Rbb2 h5 39. Rf2 Ra3 40. Kh3 Re3 41. Rb3
Re1 42. Rfb2 Kh7 43. Rb8 Ra3 44. R8b3 Ra8 45. Rb8 Ra3 46. R8b3
1/2-1/2

[Event "European Team Championship"]
[Site "Reykjavik ISL"]
[Date "2015.11.17"]
[EventDate "2015.11.13"]
[Round "5.5"]
[Result "1/2-1/2"]
[White "David Howell"]
[Black "Georg Meier"]
[WhiteElo "2693"]
[BlackElo "2654"]
[PlyCount "72"]

1. c4 c5 2. Nf3 Nf6 3. Nc3 Nc6 4. d4 cxd4 5. Nxd4 e6 6. g3 Bc5
7. Nb3 Be7 8. Bg2 O-O 9. O-O b6 10. Bf4 Bb7 11. Nd5 exd5
12. cxd5 Re8 13. e4 Bf8 14. dxc6 dxc6 15. e5 Nd5 16. Qg4 Qc8
17. Qxc8 Raxc8 18. Rad1 h6 19. Rfe1 Nxf4 20. gxf4 Rcd8 21. Rc1
g5 22. fxg5 hxg5 23. Bxc6 Bxc6 24. Rxc6 Bd6 25. e6 Rxe6
26. Rxe6 fxe6 27. Kg2 Kf7 28. Nd4 g4 29. h3 gxh3+ 30. Kxh3 Rd7
31. Nf3 Kf6 32. Rc4 Be5 33. b3 Kf5 34. Nh4+ Kf6 35. Nf3 Kf5
36. Nh4+ Kf6 1/2-1/2

[Event "European Team Championship"]
[Site "Reykjavik ISL"]
[Date "2015.11.17"]
[EventDate "2015.11.13"]
[Round "5.6"]
[Result "0-1"]
[White "Sebastian Bogner"]
[Black "Jon Ludvig Hammer"]
[WhiteElo "2549"]
[BlackElo "2682"]
[PlyCount "86"]

1. Nf3 d5 2. d4 Nf6 3. c4 e6 4. Nc3 Bb4 5. Bg5 h6 6. Bxf6 Qxf6
7. e3 O-O 8. Rc1 dxc4 9. Bxc4 c5 10. O-O cxd4 11. Ne4 Qe7
12. a3 Ba5 13. Qxd4 Rd8 14. Qe5 Bb6 15. Rfd1 Nc6 16. Qh5 Rxd1+
17. Rxd1 Bd7 18. Be2 Be8 19. Nd6 Nd4 20. Nxd4 Qxd6 21. Nb5 Qe7
22. Qe5 Rc8 23. Nd6 Rc5 24. Qe4 Bc6 25. Qb4 Rc2 26. Bd3 Bc5
27. Qb3 Rxf2 28. Kxf2 Bxd6 29. Qc4 Qg5 30. g3 Qh5 31. Ke1 Qxh2
32. Be2 Qxg3+ 33. Kd2 g6 34. Qd4 Be5 35. Qd8+ Kg7 36. Rf1 Bg2
37. Rc1 Bf6 38. Qd3 Bxb2 39. Rc8 Qe5 40. Qd8 Qd5+ 41. Qxd5
Bxd5 42. a4 h5 43. Bc4 Bg2 0-1

[Event "European Team Championship"]
[Site "Reykjavik ISL"]
[Date "2015.11.17"]
[EventDate "2015.11.13"]
[Round "5.7"]
[Result "1/2-1/2"]
[White "Luka Lenic"]
[Black "Erwin L'Ami"]
[WhiteElo "2625"]
[BlackElo "2623"]
[PlyCount "65"]

1. d4 f5 2. g3 Nf6 3. Bg2 g6 4. Nh3 Bg7 5. O-O O-O 6. c4 e6
7. Nc3 d6 8. Nf4 c6 9. Nd3 Nbd7 10. b3 e5 11. dxe5 dxe5 12. e4
fxe4 13. Nxe4 Nxe4 14. Bxe4 Nf6 15. Bg5 Qd4 16. Bxf6 Rxf6
17. Qe2 Bf5 18. Bxf5 Rxf5 19. Rae1 Rd8 20. Rd1 Qb6 21. Nb2
Rff8 22. Na4 Qb4 23. Qe3 Rd4 24. Nc3 Rfd8 25. Rxd4 exd4
26. Qe6+ Kh8 27. Ne4 Qf8 28. Ng5 Re8 29. Nf7+ Kg8 30. Nh6+ Kh8
31. Nf7+ Kg8 32. Nh6+ Kh8 33. Nf7+ 1/2-1/2

[Event "European Team Championship"]
[Site "Reykjavik ISL"]
[Date "2015.11.17"]
[EventDate "2015.11.13"]
[Round "5.7"]
[Result "0-1"]
[White "Matej Sebenik"]
[Black "Sergei Tiviakov"]
[WhiteElo "2528"]
[BlackElo "2608"]
[PlyCount "90"]

1. d4 Nf6 2. c4 e6 3. g3 d5 4. Nf3 Bb4+ 5. Bd2 Be7 6. Bg2 c6
7. Qc2 b6 8. Bf4 O-O 9. O-O Ba6 10. cxd5 cxd5 11. Rc1 Nbd7
12. Nc3 b5 13. a4 bxa4 14. Qxa4 Bb7 15. Nb5 a6 16. Nc7 Ra7
17. Nb5 Ra8 18. Nc7 Ra7 19. Ne5 Nb6 20. Qb3 Nc8 21. Nxf7 Rxf7
22. Nxe6 Qe8 23. Ng5 Bd8 24. Nxf7 Qxf7 25. Rxc8 Bxc8 26. Qb8
Qb7 27. Rc1 Ra8 28. Qd6 Qd7 29. Qxd7 Bxd7 30. Be5 Ne4 31. f3
Nf6 32. g4 Rc8 33. Rxc8 Bxc8 34. g5 Nd7 35. Bd6 Nb6 36. f4 Kf7
37. b3 Bf5 38. Bc5 Ke6 39. e3 a5 40. Kf2 Bc2 41. b4 a4 42. b5
Nc4 43. Bh3+ Bf5 44. Bf1 Nd2 45. Bb4 Nxf1 0-1

[Event "European Team Championship"]
[Site "Reykjavik ISL"]
[Date "2015.11.17"]
[EventDate "2015.11.13"]
[Round "5.8"]
[Result "1/2-1/2"]
[White "Igor Kovalenko"]
[Black "Hrvoje Stevic"]
[WhiteElo "2694"]
[BlackElo "2604"]
[PlyCount "73"]

1. c4 e5 2. g3 Nc6 3. Nc3 g6 4. Bg2 Bg7 5. Nf3 d6 6. Rb1 a5
7. a3 f5 8. d3 Nf6 9. O-O O-O 10. b4 axb4 11. axb4 h6 12. b5
Ne7 13. Bb2 Be6 14. c5 Nd7 15. cxd6 cxd6 16. Ra1 Qc7 17. Nd2
d5 18. Qb3 Nc5 19. Qb4 b6 20. Na4 Nxa4 21. Rxa4 Rxa4 22. Qxa4
Rc8 23. Rc1 Qd7 24. Rxc8+ Nxc8 25. Nf3 d4 26. Nd2 Na7 27. Bc6
Qc7 28. Be8 Kh7 29. Nc4 Qb8 30. Ba3 e4 31. Nd6 exd3 32. exd3
Qc7 33. Nc4 Qb8 34. Nd6 Qc7 35. Nc4 Qb8 36. Nd6 Qc7 37. Nc4
1/2-1/2

[Event "European Team Championship"]
[Site "Reykjavik ISL"]
[Date "2015.11.17"]
[EventDate "2015.11.13"]
[Round "5.8"]
[Result "0-1"]
[White "Mladen Palac"]
[Black "Arturs Neiksans"]
[WhiteElo "2577"]
[BlackElo "2602"]
[PlyCount "72"]

1. e4 c5 2. Nf3 e6 3. d4 cxd4 4. Nxd4 a6 5. c4 Nf6 6. Nc3 Qc7
7. Be2 b6 8. O-O Bb7 9. Qd3 d6 10. f4 Nbd7 11. b4 Be7 12. Be3
O-O 13. Rac1 Rfe8 14. g4 h6 15. h4 Nh7 16. g5 hxg5 17. hxg5 g6
18. Nf3 Bf8 19. Qd2 d5 20. cxd5 Bxb4 21. dxe6 Rxe6 22. Qb2 Bc5
23. Bxc5 Qxc5+ 24. Kg2 Rae8 25. Rh1 Ndf8 26. Kg3 Qe3 27. Rhe1
Rxe4 28. Nxe4 Rxe4 29. Qd2 Ne6 30. Qxe3 Rxe3 31. Bd1 Rd3
32. Kf2 Nxf4 33. Ne5 Nxg5 34. Rc2 Ngh3+ 35. Kf1 Rg3 36. Nxf7
Rg1# 0-1

[Event "European Team Championship"]
[Site "Reykjavik ISL"]
[Date "2015.11.17"]
[EventDate "2015.11.13"]
[Round "5.9"]
[Result "1/2-1/2"]
[White "Mustafa Yilmaz"]
[Black "Mateusz Bartel"]
[WhiteElo "2594"]
[BlackElo "2624"]
[PlyCount "130"]

1. Nf3 d5 2. c4 c6 3. e3 Nf6 4. Nc3 a6 5. d4 e6 6. b3 Bb4
7. Bd2 O-O 8. Bd3 Nbd7 9. O-O Qe7 10. Qc2 e5 11. dxe5 Nxe5
12. Nxe5 Qxe5 13. Nxd5 Nxd5 14. cxd5 Bxd2 15. Qxd2 Qxd5
16. Rad1 Qc5 17. Bc4 Bg4 18. f3 Bf5 19. Qd4 Qxd4 20. Rxd4 Rfd8
21. Rfd1 Rxd4 22. Rxd4 b5 23. e4 bxc4 24. exf5 cxb3 25. axb3
Rb8 26. Rd6 f6 27. Rxc6 Rxb3 28. Rxa6 Rb5 29. Ra8+ Kf7 30. g4
Rb2 31. Rh8 h6 32. Rd8 Ra2 33. Rd7+ Kf8 34. Rd1 Kf7 35. Rf1 h5
36. Rf2 Ra4 37. h3 g6 38. fxg6+ Kxg6 39. f4 hxg4 40. hxg4 Rb4
41. Kg2 Ra4 42. Kg3 Ra1 43. Kg2 Ra4 44. Rf3 Ra2+ 45. Kg3 Ra1
46. Rb3 Rg1+ 47. Kh3 f5 48. Rb6+ Kg7 49. Rb7+ Kg6 50. Rb6+ Kg7
51. gxf5 Kf7 52. Ra6 Kg7 53. Kh4 Kf7 54. Kh5 Rg2 55. Kh6 Rh2+
56. Kg5 Rg2+ 57. Kh4 Rg1 58. Kh3 Kg7 59. f6+ Kf7 60. Kh4 Kg6
61. f5+ Kf7 62. Re6 Rg2 63. Re3 Kxf6 64. Rg3 Rxg3 65. Kxg3
Kxf5 1/2-1/2

[Event "European Team Championship"]
[Site "Reykjavik ISL"]
[Date "2015.11.17"]
[EventDate "2015.11.13"]
[Round "5.10"]
[Result "1-0"]
[White "Sabino Brunello"]
[Black "Sergei Movsesian"]
[WhiteElo "2562"]
[BlackElo "2666"]
[PlyCount "85"]

1. d4 d5 2. c4 c6 3. Nf3 Nf6 4. e3 a6 5. Nbd2 Bf5 6. Nh4 Bg4
7. Qc2 e6 8. h3 Bh5 9. g4 Bg6 10. Nxg6 hxg6 11. Bg2 Nbd7
12. O-O g5 13. e4 dxe4 14. Nxe4 Nxe4 15. Qxe4 Be7 16. Rd1 O-O
17. Be3 Bd6 18. h4 Nf6 19. Qf3 Nh7 20. d5 exd5 21. cxd5 c5
22. hxg5 Nxg5 23. Qf5 Nh7 24. g5 g6 25. Qg4 Re8 26. Bd2 Be5
27. Rac1 Bd4 28. Bc3 Re5 29. Rxd4 Rxg5 30. Qh4 cxd4 31. Qxd4
f6 32. f4 Rg4 33. d6 Qd7 34. Re1 Qc6 35. Re2 Rd8 36. Bb4 a5
37. Ba3 Rd7 38. Kh2 Qb5 39. Qd5+ Qxd5 40. Bxd5+ Kf8 41. Re7
Rxe7 42. dxe7+ Ke8 43. Bxb7 1-0

[Event "European Team Championship"]
[Site "Reykjavik ISL"]
[Date "2015.11.17"]
[EventDate "2015.11.13"]
[Round "5.10"]
[Result "1/2-1/2"]
[White "Michele Godena"]
[Black "Karen H Grigoryan"]
[WhiteElo "2508"]
[BlackElo "2616"]
[PlyCount "81"]

1. e4 e5 2. Nf3 Nf6 3. Nc3 Nc6 4. d4 exd4 5. Nxd4 Bb4 6. Nxc6
bxc6 7. Bd3 d5 8. exd5 cxd5 9. O-O O-O 10. h3 c6 11. Qf3 Bd6
12. Bf4 Rb8 13. b3 Be6 14. Ne2 c5 15. Rad1 Rb6 16. c3 Be7
17. Rfe1 Qc8 18. Bg5 c4 19. Bc2 cxb3 20. axb3 Rc6 21. Qd3 Qa6
22. Nd4 Qxd3 23. Rxd3 Rb6 24. Rde3 h6 25. Bh4 g5 26. Bg3 Rc8
27. Nxe6 fxe6 28. Rxe6 Rxe6 29. Rxe6 Kf7 30. Bf5 Rxc3 31. Ra6
Bc5 32. b4 Bb6 33. Bb8 Bc7 34. Bxc7 Rxc7 35. g4 Rb7 36. Kf1
Rxb4 37. Rxa7+ Kf8 38. Ra8+ Kf7 39. Ra7+ Kf8 40. Ra8+ Kf7
41. Ra7+ 1/2-1/2

[Event "European Team Championship"]
[Site "Reykjavik ISL"]
[Date "2015.11.17"]
[EventDate "2015.11.13"]
[Round "5.11"]
[Result "1/2-1/2"]
[White "Mihail Marin"]
[Black "Viktor Laznicka"]
[WhiteElo "2589"]
[BlackElo "2665"]
[PlyCount "84"]

1. Nf3 d5 2. g3 Bg4 3. Bg2 Nd7 4. c4 c6 5. cxd5 cxd5 6. Nc3 e6
7. Qb3 Bxf3 8. Bxf3 Qb6 9. Qxb6 Nxb6 10. d3 Ne7 11. O-O Nc6
12. Be3 Be7 13. Nb5 Kd7 14. Bxb6 axb6 15. d4 Ra4 16. e4 dxe4
17. Bxe4 Rb4 18. a4 Rd8 19. Rad1 Ke8 20. Rfe1 Rxb2 21. d5 exd5
22. Rxd5 Rxd5 23. Bxd5 Kf8 24. Kf1 Bc5 25. Re2 Rb1+ 26. Re1
Rb4 27. Re4 Rxe4 28. Bxe4 g6 29. Ke2 Ke7 30. Bd5 f5 31. h3 Kf6
32. f4 g5 33. Kf3 gxf4 34. gxf4 Bb4 35. Ke2 Nd8 36. Ke3 Bf8
37. Kf3 Ne6 38. Bxb7 Nc5 39. Bc8 Nxa4 40. Nd4 Bc5 41. Nxf5 Nc3
42. Ng3 b5 1/2-1/2

[Event "European Team Championship"]
[Site "Reykjavik ISL"]
[Date "2015.11.17"]
[EventDate "2015.11.13"]
[Round "5.11"]
[Result "1/2-1/2"]
[White "Zbynek Hracek"]
[Black "Bogdan-Daniel Deac"]
[WhiteElo "2609"]
[BlackElo "2440"]
[PlyCount "81"]

1. e4 e5 2. Nf3 Nc6 3. Bb5 Nf6 4. O-O Nxe4 5. d4 Nd6 6. Bxc6
dxc6 7. dxe5 Nf5 8. Qxd8+ Kxd8 9. h3 Ke8 10. Nc3 h5 11. Ne2
Be7 12. Bg5 Be6 13. Nf4 Bd5 14. Nxd5 cxd5 15. Rad1 c6 16. Rd3
f6 17. exf6 gxf6 18. Nh4 Nxh4 19. Bxh4 Kf7 20. c4 dxc4 21. Rd7
Rhd8 22. Rxb7 Rdb8 23. Rc7 Rxb2 24. Rxc6 Rxa2 25. Rxc4 a5
26. Rc7 Re2 27. Ra1 a4 28. Bg3 Re6 29. Bf4 a3 30. Be3 Kg6
31. Ra2 f5 32. g3 Ra4 33. Bc5 Bxc5 34. Rxc5 Rea6 35. Rc3 h4
36. gxh4 Kh5 37. f4 Rxf4 38. Rcxa3 Rxa3 39. Rxa3 Kxh4 40. Kg2
Rb4 41. Ra8 1/2-1/2

[Event "European Team Championship"]
[Site "Reykjavik ISL"]
[Date "2015.11.17"]
[EventDate "2015.11.13"]
[Round "5.11"]
[Result "1/2-1/2"]
[White "Mircea-Emilian Parligras"]
[Black "Vlastimil Babula"]
[WhiteElo "2587"]
[BlackElo "2559"]
[PlyCount "92"]

1. d4 Nf6 2. c4 e6 3. Nc3 Bb4 4. e3 O-O 5. Bd3 d5 6. Nf3 dxc4
7. Bxc4 c5 8. O-O Nc6 9. a3 Bxc3 10. bxc3 Qc7 11. Bb2 e5
12. h3 Bf5 13. Ba2 Rad8 14. Qe2 e4 15. Nd2 Bg6 16. a4 Rfe8
17. Ba3 b6 18. Rfc1 Bh5 19. Qb5 Na5 20. Rab1 h6 21. Qa6 Nd7
22. Nb3 Nb7 23. Nxc5 Ndxc5 24. dxc5 Nxc5 25. Bxc5 Qxc5
26. Qxa7 Rd2 27. Rb5 Qa3 28. Rf1 Rxa2 29. Rxh5 Qxc3 30. Qxb6
Rxa4 31. Rc5 Qd3 32. Qb7 Qd6 33. Rfc1 Ra1 34. Rxa1 Qxc5
35. Ra8 Qe5 36. Ra7 Qf5 37. Qd7 Qxd7 38. Rxd7 Re6 39. g4 g5
40. Kg2 Kg7 41. Kg3 Kg6 42. h4 gxh4+ 43. Kxh4 Rf6 44. Kg3 Rf3+
45. Kg2 h5 46. gxh5+ Kxh5 1/2-1/2

[Event "European Team Championship"]
[Site "Reykjavik ISL"]
[Date "2015.11.17"]
[EventDate "2015.11.13"]
[Round "5.12"]
[Result "0-1"]
[White "Vladimir Hamitevici"]
[Black "Blazo Kalezic"]
[WhiteElo "2430"]
[BlackElo "2440"]
[PlyCount "80"]

1. d4 c5 2. d5 e5 3. e4 d6 4. Nc3 Be7 5. Nf3 Nf6 6. Bb5+ Nbd7
7. a4 a6 8. Bd3 b6 9. Nd2 O-O 10. g3 Ne8 11. h4 g6 12. h5 Ng7
13. Be2 gxh5 14. Nc4 f5 15. exf5 Nf6 16. Bh6 Bxf5 17. Ne3 Bg6
18. f4 exf4 19. gxf4 Nfe8 20. Kd2 Bf6 21. Qg1 Bd4 22. Bxh5
Nxh5 23. Rxh5 Ng7 24. Rh3 Qd7 25. Qg2 Rae8 26. Ncd1 Rf7 27. c3
Bf6 28. Bxg7 Bxg7 29. Rh4 b5 30. axb5 Qxb5 31. f5 Rxf5
32. Nxf5 Bxf5 33. Qf3 Bg6 34. Rh2 Qb3 35. Re2 Rf8 36. Qg2 Qc4
37. Ne3 Bh6 38. Ke1 Qh4+ 39. Kd1 Bxe3 40. Rxe3 Rf2 0-1

[Event "European Team Championship"]
[Site "Reykjavik ISL"]
[Date "2015.11.17"]
[EventDate "2015.11.13"]
[Round "5.14"]
[Result "1/2-1/2"]
[White "Hjorvar Steinn Gretarsson"]
[Black "Hristos Banikas"]
[WhiteElo "2561"]
[BlackElo "2609"]
[PlyCount "65"]

1. d4 Nf6 2. c4 e6 3. Nc3 Bb4 4. Qc2 c5 5. dxc5 O-O 6. Nf3 Na6
7. g3 Nxc5 8. Bg2 b6 9. O-O Bb7 10. Nb5 Be4 11. Qd1 Nb7 12. a3
Be7 13. Bf4 a6 14. Nc3 Bc6 15. b4 Rc8 16. Rc1 a5 17. b5 Bxf3
18. Bxf3 Nc5 19. Qc2 Ne8 20. Rfd1 Bg5 21. Bxg5 Qxg5 22. e3 Qe5
23. Rd4 Nf6 24. Rcd1 Rfd8 25. R1d2 h6 26. Qd1 Qc7 27. e4 Kf8
28. Bg2 e5 29. Rd6 Ne8 30. R6d5 Nf6 31. Rd6 Ne8 32. R6d5 Nf6
33. Rd6 1/2-1/2

[Event "European Team Championship"]
[Site "Reykjavik ISL"]
[Date "2015.11.17"]
[EventDate "2015.11.13"]
[Round "5.15"]
[Result "1/2-1/2"]
[White "Nils Grandelius"]
[Black "Sune Berg Hansen"]
[WhiteElo "2644"]
[BlackElo "2566"]
[PlyCount "84"]

1. e4 e5 2. Nf3 Nc6 3. Nc3 Nf6 4. Bb5 Bb4 5. O-O O-O 6. d3
Bxc3 7. bxc3 d6 8. Bg5 Bd7 9. Rb1 a6 10. Ba4 b5 11. Bb3 h6
12. Bh4 Qe7 13. Re1 Rad8 14. h3 Kh7 15. Qc1 Rg8 16. d4 Rde8
17. Qd2 Bc8 18. Rbd1 Na5 19. Qe3 Bb7 20. dxe5 dxe5 21. Bxf6
Qxf6 22. Rd7 Re7 23. Red1 Bc6 24. R7d3 Ree8 25. Nh2 Rgf8
26. Nf1 Nb7 27. f3 Qe7 28. Bd5 Bxd5 29. Rxd5 Nd6 30. Qc5 f5
31. exf5 e4 32. fxe4 Qxe4 33. Ng3 Qxc2 34. Qxc7 Nxf5 35. Nxf5
Rxf5 36. Rxf5 Qxd1+ 37. Rf1 Qd5 38. Qf7 Qc5+ 39. Kh2 Re3
40. Qf4 Qg5 41. Qxg5 hxg5 42. a4 Rxc3 1/2-1/2

[Event "European Team Championship"]
[Site "Reykjavik ISL"]
[Date "2015.11.17"]
[EventDate "2015.11.13"]
[Round "5.17"]
[Result "0-1"]
[White "Davit Shengelia"]
[Black "Johann Hjartarson"]
[WhiteElo "2579"]
[BlackElo "2529"]
[PlyCount "86"]

1. Nf3 Nf6 2. c4 b6 3. g3 Bb7 4. Bg2 c5 5. O-O g6 6. d4 cxd4
7. Qxd4 Bg7 8. Nc3 d6 9. Rd1 Nbd7 10. Be3 Rc8 11. Rac1 a6
12. b3 O-O 13. Qh4 Re8 14. Bh3 Rb8 15. g4 h5 16. g5 Nh7
17. Nd5 e6 18. Nc3 Qc7 19. Qg3 Ne5 20. Nxe5 Bxe5 21. f4 Bg7
22. Qf2 f6 23. Bxb6 Qc6 24. e4 fxg5 25. Bd4 Bxd4 26. Qxd4 gxf4
27. Qxd6 Qxd6 28. Rxd6 Ng5 29. Bg2 Nf7 30. Rb6 g5 31. Rd1 Ne5
32. Rdd6 Kf7 33. c5 a5 34. a3 Bc6 35. Na4 Bxa4 36. bxa4 Rxb6
37. Rxb6 Rd8 38. Rb1 Ke7 39. Rc1 g4 40. Rc2 h4 41. Bf1 g3
42. hxg3 hxg3 43. c6 Nf3+ 0-1

[Event "European Team Championship"]
[Site "Reykjavik ISL"]
[Date "2015.11.17"]
[EventDate "2015.11.13"]
[Round "5.17"]
[Result "1-0"]
[White "Jon Loftur Arnason"]
[Black "Mario Schachinger"]
[WhiteElo "2500"]
[BlackElo "2451"]
[PlyCount "73"]

1. e4 e5 2. Nf3 Nc6 3. Bb5 a6 4. Ba4 Nf6 5. O-O Be7 6. Re1 b5
7. Bb3 d6 8. c3 O-O 9. h3 Bb7 10. d4 Re8 11. Nbd2 Bf8 12. Bc2
h6 13. b3 b4 14. Bb2 bxc3 15. Bxc3 exd4 16. Nxd4 d5 17. Nxc6
Bxc6 18. e5 d4 19. Bb2 d3 20. Bb1 Bb4 21. Re3 Nd7 22. Nf3 Bxf3
23. Qxf3 d2 24. Be4 Rb8 25. Bd5 Rf8 26. Qg4 Nc5 27. e6 Qg5
28. exf7+ Kh7 29. Qc4 Rbd8 30. Rg3 Rxd5 31. Rxg5 d1=Q+
32. Rxd1 Rxd1+ 33. Kh2 hxg5 34. Qxb4 Rd5 35. Qc4 c6 36. Ba3
Ne6 37. Qe4+ 1-0

[Event "European Team Championship"]
[Site "Reykjavik ISL"]
[Date "2015.11.17"]
[EventDate "2015.11.13"]
[Round "5.17"]
[Result "1/2-1/2"]
[White "Georg Froewis"]
[Black "Margeir Petursson"]
[WhiteElo "2433"]
[BlackElo "2520"]
[PlyCount "80"]

1. Nf3 c5 2. c4 g6 3. e4 Nc6 4. d4 cxd4 5. Nxd4 Nf6 6. Nc3 d6
7. Be2 Bg7 8. Be3 O-O 9. O-O Bd7 10. Nc2 Qa5 11. h3 Rfc8
12. Na3 Be6 13. f4 Nd7 14. Nab5 a6 15. f5 axb5 16. fxe6 fxe6
17. Bg4 Nd8 18. Nd5 exd5 19. Bxd7 Rxc4 20. Qxd5+ e6 21. Qxd6
Qb4 22. Rad1 Qxd6 23. Rxd6 Rxe4 24. Bb6 Bf8 25. Rd3 Nc6
26. Re3 Rxe3 27. Bxe3 Nd8 28. Bb6 b4 29. Rd1 Be7 30. a4 bxa3
31. bxa3 Rxa3 32. Bxd8 Bxd8 33. Bxe6+ Kf8 34. Rxd8+ Ke7
35. Rd7+ Kxe6 36. Rxb7 h5 37. Rb5 Kf6 38. Rc5 Rb3 39. Rc6+ Kf5
40. Rc5+ Kf6 1/2-1/2

[Event "European Team Championship"]
[Site "Reykjavik ISL"]
[Date "2015.11.17"]
[EventDate "2015.11.13"]
[Round "5.18"]
[Result "1-0"]
[White "Alan Tate"]
[Black "Mher Hovhanisian"]
[WhiteElo "2337"]
[BlackElo "2495"]
[PlyCount "67"]

1. e4 e6 2. d4 d5 3. Nd2 Be7 4. Ngf3 Nf6 5. Bd3 c5 6. c3 cxd4
7. cxd4 dxe4 8. Nxe4 Nc6 9. O-O O-O 10. Nxf6+ Bxf6 11. Be3 Nb4
12. Be4 Nd5 13. Re1 Bd7 14. Qd3 h6 15. Ne5 Bxe5 16. dxe5 Bc6
17. Bc5 Re8 18. Qf3 Qa5 19. Rac1 Qxa2 20. Bb1 Qxb2 21. Qd3 g6
22. Ba3 Qb6 23. Qg3 Kg7 24. Re4 Rec8 25. Rce1 Be8 26. Bc1 Nc3
27. Bxh6+ Kg8 28. Qh4 Nxe4 29. Bxe4 Qa5 30. f4 Qd2 31. h3 Rc1
32. Rxc1 Qxc1+ 33. Kh2 Qc5 34. Qf6 1-0

[Event "European Team Championship"]
[Site "Reykjavik ISL"]
[Date "2015.11.17"]
[EventDate "2015.11.13"]
[Round "5.18"]
[Result "1/2-1/2"]
[White "Andrew J Muir"]
[Black "Thibaut Vandenbussche"]
[WhiteElo "2313"]
[BlackElo "2421"]
[PlyCount "49"]

1. d4 d6 2. c4 e5 3. d5 Nf6 4. Nc3 Bf5 5. Nf3 Be7 6. g3 O-O
7. Bg2 c6 8. Nh4 Bg4 9. h3 Bd7 10. e4 cxd5 11. cxd5 b5 12. a3
a5 13. Nf5 Na6 14. Be3 b4 15. Na4 Nxd5 16. Qxd5 Bxa4 17. O-O
Bd7 18. Nxe7+ Qxe7 19. Qxa5 Rfb8 20. Qd5 Be6 21. Qc6 Rc8
22. Qb6 Rcb8 23. Qc6 Rc8 24. Qb6 Rcb8 25. Qc6 1/2-1/2

[Event "European Team Championship"]
[Site "Reykjavik ISL"]
[Date "2015.11.17"]
[EventDate "2015.11.13"]
[Round "5.4"]
[Result "0-1"]
[White "Ivan Ivanisevic"]
[Black "Baadur Jobava"]
[WhiteElo "2662"]
[BlackElo "2668"]
[PlyCount "104"]

1. d4 e6 2. c4 Nf6 3. g3 c5 4. d5 exd5 5. cxd5 d6 6. Nc3 g6
7. Qd3 Na6 8. a3 Bg7 9. Qe3+ Kf8 10. Bg2 Bf5 11. Nf3 Qd7
12. O-O Re8 13. Qf4 h6 14. Re1 Ne4 15. g4 Bxc3 16. bxc3 Bxg4
17. c4 Bh3 18. Nd2 Bxg2 19. Kxg2 f5 20. f3 g5 21. Qe3 f4
22. Qb3 Nxd2 23. Bxd2 Rg8 24. Qd3 Nc7 25. Rab1 b6 26. a4 Qf7
27. a5 b5 28. cxb5 g4 29. Kh1 g3 30. Rg1 Rg5 31. Rg2 Rxd5
32. Qc3 Qf5 33. Rb2 Rd4 34. b6 axb6 35. axb6 Nd5 36. Qc1 Qh3
37. b7 Rb8 38. Kg1 c4 39. Rc2 Rxd2 40. Qxd2 Rxb7 41. hxg3 Rb1+
42. Rc1 c3 43. Qxd5 Rxc1+ 44. Kf2 fxg3+ 45. Ke3 Ke7 46. Qb7+
Kf6 47. Qd5 c2 48. Qd4+ Kf7 49. Qa7+ Kf8 50. Qb8+ Ke7 51. Rxg3
Qe6+ 52. Kf2 Rf1+ 0-1

[Event "European Team Championship"]
[Site "Reykjavik ISL"]
[Date "2015.11.17"]
[EventDate "2015.11.13"]
[Round "5.4"]
[Result "1/2-1/2"]
[White "Robert Markus"]
[Black "Levan Pantsulaia"]
[WhiteElo "2632"]
[BlackElo "2567"]
[PlyCount "133"]

1. d4 Nf6 2. Nf3 e6 3. e3 c5 4. Bd3 d5 5. b3 Nc6 6. O-O Bd6
7. Bb2 O-O 8. c4 cxd4 9. exd4 b6 10. Nbd2 Bb7 11. Qe2 Qe7
12. a3 Rfd8 13. Rfe1 Rac8 14. Ne5 Bb8 15. Nxc6 Bxc6 16. Rac1
Bf4 17. g3 Bh6 18. f4 Ba8 19. h3 g6 20. c5 Bg7 21. b4 Nh5
22. Kh2 bxc5 23. bxc5 Qc7 24. Rf1 Rb8 25. Bc3 Nf6 26. Rb1 h5
27. Qe3 Rxb1 28. Bxb1 Rb8 29. a4 Bc6 30. Bc2 Qd7 31. Ra1 Qc7
32. Kg1 Bh6 33. Nf3 Ne4 34. Ne5 Ba8 35. Be1 Bf8 36. Rc1 Kg7
37. g4 hxg4 38. hxg4 f6 39. Nd3 Be7 40. Nf2 Qc6 41. f5 Rh8
42. Nxe4 dxe4 43. Bb3 exf5 44. gxf5 Qe8 45. d5 g5 46. Bg3 Bd8
47. Kg2 Qh5 48. Qxe4 Re8 49. Qf3 g4 50. Qd3 Qh3+ 51. Kf2 Bc7
52. Bc4 Bxd5 53. Rg1 Bxc4 54. Qxc4 Re5 55. Qd3 Rxc5 56. Qe4
Kf8 57. Bxc7 Rxc7 58. Rxg4 Qh2+ 59. Rg2 Qh7 60. Qb4+ Re7
61. Qb8+ Re8 62. Qd6+ Qe7 63. Qxe7+ Rxe7 64. Rg6 Kf7 65. Rh6
Kg7 66. Rg6+ Kf7 67. Rh6 1/2-1/2

[Event "European Team Championship"]
[Site "Reykjavik ISL"]
[Date "2015.11.17"]
[EventDate "2015.11.13"]
[Round "5.5"]
[Result "1-0"]
[White "Daniel Fridman"]
[Black "Luke McShane"]
[WhiteElo "2627"]
[BlackElo "2687"]
[PlyCount "81"]

1. d4 d5 2. c4 c6 3. Nf3 Nf6 4. Nc3 a6 5. Qc2 b5 6. e4 b4
7. Na4 dxe4 8. Ne5 g6 9. Be3 Bg7 10. Be2 O-O 11. O-O Qc7
12. Bf4 Qb7 13. Nc5 Qb6 14. Rfd1 Nbd7 15. Nexd7 Bxd7 16. Nxd7
Nxd7 17. Qxe4 Rfe8 18. c5 Qb7 19. Bf3 Rac8 20. Qc2 Nf6 21. a3
a5 22. Qa4 Red8 23. Qxa5 bxa3 24. bxa3 Nd5 25. Be5 Ra8 26. Qe1
e6 27. Bd6 Ra4 28. Bxd5 exd5 29. Rab1 Qa8 30. Rb4 Rxa3
31. Rdb1 Qa5 32. h3 h5 33. Kh2 Bf6 34. Qc1 Ra4 35. Rb8 Kg7
36. Qf4 Rxd4 37. Qf3 Re4 38. Rxd8 Bxd8 39. Rb7 Bf6 40. Bf8+
Kxf8 41. Qxf6 1-0